书目信息 |
| 题名: |
中学数学教学论
|
|
| 作者: | 刘华祥 主编 | |
| 分册: | ||
| 出版信息: | 武汉 武汉大学出版社 2003 |
|
| 页数: | 451页 | |
| 开本: | 20cm | |
| 丛书名: | ||
| 单 册: | ||
| 中图分类: | G633.602 | |
| 科图分类: | ||
| 主题词: | 数学教学--教学法--中学 | |
| 电子资源: | ||
| ISBN: | 7-307-03836-6 | |
| 000 | 00876nam0 2200241 450 | |
| 001 | 070024709730 | |
| 005 | 20051009081320.92 | |
| 010 | @a7-307-03836-6@dCNY23.00 | |
| 100 | @a20050122d2003 ekmy0chiy0120 ea | |
| 101 | 0 | @achi |
| 102 | @aCN@b420000 | |
| 105 | @ay z 000yy | |
| 200 | 1 | @a中学数学教学论@9zhong xue shu xue jiao xue lun@f刘华祥主编@Fliu hua xiang zhu bian |
| 210 | @a武汉@c武汉大学出版社@d2003 | |
| 215 | @a451页@d20cm | |
| 300 | 2 | @a高等师范教育系列教材 |
| 330 | @a本书在内容结构上紧扣现代中学数学教学过程研究这条主线,广泛涉及了中学数学教与学的丰富内容。书中阐述了对数学的认识、中学数学教学目的、数学教学规律等,探讨了数学基础知识、数学思想与方法的学与教等方面。 | |
| 606 | 0 | @a数学教学@x教学法@x中学 |
| 690 | @aG633.602@v4 | |
| 701 | 0 | @a刘华祥@Aliu hua xiang@4主编 |
| 801 | 0 | @aCN@bTSSF@c20051009 |
| 905 | @a10447@dG633.602@e335 | |
| 999 | @aAFJ | |
| 中学数学教学论/刘华祥主编.-武汉:武汉大学出版社,2003 |
| 451页;20cm |
| 高等师范教育系列教材 |
| ISBN 7-307-03836-6:CNY23.00 |
| 本书在内容结构上紧扣现代中学数学教学过程研究这条主线,广泛涉及了中学数学教与学的丰富内容。书中阐述了对数学的认识、中学数学教学目的、数学教学规律等,探讨了数学基础知识、数学思想与方法的学与教等方面。 |
| ● |
| 相关链接 |
|
|
|
|
正题名:中学数学教学论
索取号:G633.602/335
 
预约/预借
| 序号 | 登录号 | 条形码 | 馆藏地/架位号 | 状态 | 备注 |
| 1 | 0364637 | 3646371 | 第一样本阅览室/ [索取号:G633.602/335] | 在馆 | |
| 2 | 0364638 | 3646380 | 第四借阅区/ [索取号:G633.602/335] | 在馆 | |
| 3 | 0364639 | 3646399 | 密集书库/ [索取号:G633.602/335] | 在馆 | |
| 4 | 0364640 | 3646406 | 密集书库/ [索取号:G633.602/335] | 在馆 | |
| 5 | 0364641 | 3646415 | 第四借阅区/ [索取号:G633.602/335] | 在馆 | |
| 6 | 0364642 | 3646424 | 密集书库/ [索取号:G633.602/335] | 在馆 | |
| 7 | 0364643 | 3646433 | 第四借阅区/ [索取号:G633.602/335] | 在馆 | |
| 8 | 0364644 | 3646442 | 第四借阅区/ [索取号:G633.602/335] | 在馆 |